| 000 | 00403nam a22001337a 4500 | ||
|---|---|---|---|
| 999 |
_c3320 _d3320 |
||
| 008 | 200608b ||||| |||| 00| 0 eng d | ||
| 082 | 0 | 0 |
_a363.450973 _bI5948 |
| 110 |
_92796 _aInstitute of Chartered Shipbrokers |
||
| 245 | 1 | 0 |
_aDrug trafficking and drug abuse / _cby ICS. |
| 260 |
_aLondon: _bInstitute of Chartered Shipbrokers, _c2010 |
||
| 300 | _ax | ||
| 650 | 0 | _aDrug Trafficking - Control | |
| 942 | _cBK | ||